| 000 | 01603pam a2200409 i 4500 | ||
|---|---|---|---|
| 001 | 2024031580 | ||
| 003 | DLC | ||
| 005 | 20251112091253.0 | ||
| 008 | 240910s2025 maua b 000 1 eng | ||
| 010 | _a 2024031580 | ||
| 020 |
_a9781623545796 _q(hardcover) |
||
| 020 |
_z9781632894502 _q(ebook) |
||
| 035 | _a(OCoLC)1455429418 | ||
| 040 |
_aDLC _beng _erda _cDLC _dDLC _dTnLvILS |
||
| 042 |
_apcc _acyac |
||
| 050 | 0 | 0 |
_aPZ7.1.S5695 _bSt 2025 |
| 082 | 0 | 4 |
_a[E] _223 |
| 100 | 1 |
_aSiqueira, Ana, _eauthor. _96446075 |
|
| 245 | 1 | 0 |
_aSticky hermana / _cAna Siqueira ; illustrated by Olivia de Castro. |
| 264 | 1 |
_aWatertown, MA : _bCharlesbridge, _c[2025] |
|
| 300 |
_a32 pages : _bcolor illustrations ; _c27 cm |
||
| 336 | _atext | ||
| 336 | _astill image | ||
| 337 | _aunmediated | ||
| 338 | _avolume | ||
| 588 |
_aDescription based on publisher data. _5TnLvILS |
||
| 521 |
_aAges 3-7 _bCharlesbridge |
||
| 521 |
_aGrades K-1 _bCharlesbridge |
||
| 520 |
_a"Claudia thinks that having a little sister is fun except when Monica wants to do absolutely everything with her"-- _cProvided by publisher. |
||
| 650 | 0 |
_aSisters _vJuvenile fiction. _95674652 |
|
| 650 | 0 |
_aHispanic Americans _vJuvenile fiction. |
|
| 650 | 1 |
_aSisters _vFiction. _95674091 |
|
| 650 | 1 |
_aHispanic Americans _vFiction. _95692790 |
|
| 655 | 7 |
_aPicture books. _2lcgft |
|
| 700 | 1 |
_ade Castro, Olivia, _eillustrator. _96555493 |
|
| 776 | 0 | 8 |
_iOnline version : _aSiqueira, Ana. _tSticky Hermana _dWatertown, MA : Charlesbridge, 2025 _z9781632894502 _w(DLC) 2024031581 |
| 999 |
_c413474 _d413474 |
||